00605nam a22002057a 450000500170000001000130001702000230003003500130005303700160006604000120008208200170009410000220011124500670013326000420020027000500024230000200029250000510031265000210036365000150038420170124110001.0 aA-940665 c400.00a8186653252 aA-940665 bCen Lib/Ret aDPLbEN a347.017bBHA aBhargava, Prabha  aLok adalat :cby Prabha Bhargava bjustice at the door-steps / aJaipur bINA Shree Publishers c1998 bJaipur aS-54, Geejgarh Vihar Colony e302006 a172p.c21cm(Hb) aIncludes bibliographical references and index  aJustice systems  aJudiciary